000 00335nam a22001457a 4500
008 210519b ||||| |||| 00| 0 eng d
020 _a9781305503465
041 _aeng
080 _22nd
_a330.722.6
082 _a330.722.6
100 _a61
101 _aKF
245 _aIntermediate Accounting
_cJames M. Wahlen
942 _2udc
_cBK
999 _c57502
_d57502